00561nam a2200181Ia 4500008004100000020001800041050001400059100002200073245003100095245005300126260001700179260001300196260000900209300001400218300002500232999001900257952010300276180207s9999 xx 000 0 und d a9780007619351 bM978 1996 aMurphy, Stuart J. 4aThe great gymnast of all / cStuart J. Murphy ; illustrated by Cynthia Jabar. aWashington : bCollins, c1996 aunpaged : bcolor illustration ; c355277d355277 001040aSSISMbSSISMd2018-02-07l0oER M978 1996pSSISM4822r2018-02-07 00:00:00w2018-02-07yBK